Statistics for Pairs #26

Click here to take the quiz!

General Stats

  • This quiz has been taken 41 times
  • The average score is 19 of 25

Answer Stats

HintAnswer% Correct
WineCheese
100%
HisHers
97%
SkullCrossbones
94%
PushPull
94%
FruitsVegetables
94%
BigTall
91%
WitWisdom
91%
FrontCenter
88%
WindRain
88%
SlipSlide
88%
SpicSpan
88%
BedBoard
84%
TrackField
84%
BloodGore
81%
CasePoint
75%
BellsSmells
75%
TimeMotion
72%
SlashBurn
63%
CheeseRice
63%
HookLoop
59%
BoxLock
56%
HomeDry
53%
CatchKiss
44%
TownGown
38%
BeltRoad
16%

Score Distribution

Percentile by Number Answered

Percent of People with Each Score

Your Score History

You have not taken this quiz